000 00581nam a2200193 i 4500
001 76094
003 ES-MaACL
005 20230906172721.0
007 t|
008 040929s1966 sp ||||1| spa d
100 1 _aGuerre, René.
_960528
245 1 0 _aQueremos ver a Cristo /
_cRené Guerre, Maurice Zinty ; [traducción por Fermín Cebolla López].
250 _a4ª ed.
260 _aSalamanca :
_bSígueme,
_c1966.
300 _a290 p. ;
_c19 cm.
700 1 _aZinty, Maurice.
_9118296
700 1 _aCebolla López, Fermín.
_937287
852 _aES-MaACL
_jC-30425
_bR.60793
999 _c76094
_d76094